| 000 | 03129cam a2200457 i 4500 | ||
|---|---|---|---|
| 999 |
_c3305 _d3305 |
||
| 001 | ocn876704128 | ||
| 003 | TZ-ArACH | ||
| 005 | 20180628082631.0 | ||
| 008 | 140822s2014 enk bw 001 0 eng | ||
| 010 | _a 2013417982 | ||
| 015 |
_a016499694 _2dnb |
||
| 015 |
_aGBB385187 _2dnb |
||
| 016 | 7 |
_a016499694 _2Uk |
|
| 020 | _a9781780681993 (hd.bd.) | ||
| 020 | _a1780681992 (hd.bd.) | ||
| 035 |
_a(OCoLC)876704128 _z(OCoLC)883268229 |
||
| 040 |
_aDLC _beng _erda _cTZ-ArACH _dOHX _dQGK _dUKMGB _dDEBBG _dNLE _dCOO _dNDL _dOCLCF _dYDXCP _dOCL _dPUL |
||
| 041 | _aEng | ||
| 042 | _apcc | ||
| 049 | _aTZAA | ||
| 050 | 0 | 0 |
_aKZ7230 _b.T63 |
| 082 | 0 | 4 |
_a345.01 _223 |
| 100 | 1 |
_aTochilovsky, Vladimir, _eauthor. _918593 |
|
| 240 | 1 | 0 | _aJurisprudence of the international criminal courts and the European Court of Human Rights |
| 245 | 1 | 4 |
_aLaw and jurisprudence of the international criminal tribunals and courts : _bprocedure and human rights aspects / _cVladimir Tochilovsky. |
| 250 | _a2nd edition. | ||
| 260 |
_aCambridge, United Kingdom : _bIntersentia, _c2014 |
||
| 300 |
_axxxiii, 1396 pages ; _c25 cm |
||
| 504 | _aIncludes bibliographical references and index. | ||
| 505 | 0 | _aRight to be informed of the nature and cause of the charge -- Accused access to the prosecution material (disclosure by the prosecutor) -- Defence access to protected material in another case -- Prosecution access to the defence material (disclosure by the defence) -- Disclosure of other material and information -- Othe pre-trial matters -- Right to subpoena and binding orders -- Protection of victims and witnesses -- Plea agreements -- Legal assistance of counsel -- Trial proceedings -- Victims' participation in the proceedings (ICC) -- Admissibility of evidence and the rights of the accused -- Defences -- Decisions and judgements -- Right to appeal -- Referral of the case to another court and the rights of the accused -- Contempt proccedings and false testimony -- Arrest and detention -- Provisional release -- Right to judicial review of the legality of dentention (Habeas corpus) -- Right to interpretation and translation -- Remedies for violations of the accused's rights -- Other procedureal matters -- International human rights law and international tribunals. | |
| 650 | 0 |
_aInternational criminal courts _vCases. _918594 |
|
| 650 | 0 |
_aHuman rights _vCases. _918595 |
|
| 650 | 0 |
_aCriminal procedure (International law) _vCases. _918596 |
|
| 650 | 7 |
_aCriminal procedure (International law) _2fast _918597 |
|
| 650 | 7 |
_aHuman rights. _2fast _918598 |
|
| 650 | 7 |
_aInternational criminal courts. _2fast _918599 |
|
| 655 | 7 |
_aTrials, litigation, etc. _2fast _918600 |
|
| 775 | 0 | 8 |
_iRevision of: _aTochilovsky, Vladimir. _tJurisprudence of the international criminal courts and the European Court of Human Rights. _dLeiden ; Boston : Martinus Nijhoff Publishers, 2008 _z9789004163386 _w(DLC) 2007045964 _w(OCoLC)180908092 |
| 856 |
_uhttp://bvbr.bib-bvb.de:8991/F?func=service&doc_library=BVB01&local_base=BVB01&doc_number=026807370&line_number=0001&func_code=DB_RECORDS&service_type=MEDIA _zInhaltsverzeichnis |
||
| 942 |
_2lcc _cBOOK |
||